Save Chinese by Guessing Provinces (Mainland) - Statistics

General Stats
  • This quiz has been taken 70 times
  • The average score is 135 of 281
Answers on the Map
Answers color-coded by a green-red scale on the quiz's map according to % correct below.
 
Answer Stats
Million Population Score Answer % Correct
21.89 4 Beijing
80%
126.01 25 Guangdong
76%
24.87 5 Shanghai
76%
57.75 12 Hubei
72%
99.37 20 Henan
68%
66.44 13 Hunan
68%
74.61 15 Hebei
64%
83.67 17 Sichuan
52%
84.75 17 Jiangsu
48%
13.87 3 Tianjin
48%
50.13 10 Guangxi
44%
34.92 7 Shanxi
44%
101.53 20 Shandong
40%
61.03 12 Anhui
36%
32.05 6 Chongqing
36%
45.19 9 Jiangxi
36%
3.65 1 Tibet/Xizang
36%
47.21 9 Yunnan
36%
41.54 8 Fujian
32%
31.85 6 Heilongjiang
32%
42.59 9 Liaoning
32%
25.85 5 Xinjiang
32%
24.05 5 Inner Mongolia/Neimenggu
28%
39.53 8 Shaanxi
28%
64.57 13 Zhejiang
28%
25.02 5 Gansu
24%
24.07 5 Jilin
24%
7.2 1 Ningxia
24%
38.56 8 Guizhou
20%
5.92 1 Qinghai
16%
10.08 2 Hainan
12%
No matching quizzes found
Score Distribution
Percent of People with Each Score
Percentile by Number Answered
Your Score History
You have not taken this quiz